| 000 | 00809nam a2200265Ia 4500 | ||
|---|---|---|---|
| 003 | OSt | ||
| 005 | 20220928125013.0 | ||
| 006 | a|||||r|||| 00| 0 | ||
| 007 | ta | ||
| 008 | 220927b |||||||| |||| 00| 0 eng d | ||
| 020 | _c625 | ||
| 024 | _a124594 | ||
| 037 |
_b007, 02/09/2014, Excel Book International _cTextual |
||
| 040 |
_aSDCL _cSDCL _beng |
||
| 041 |
_2eng _aeng |
||
| 082 | _aV2y7M91, Q4 | ||
| 100 |
_aPai Sudha _9467530 |
||
| 245 | 0 |
_aRevisiting 1956 _b B.R Ambedkar and states reorganisation |
|
| 260 |
_aNew Delhi _bOrient BlackSwan _c2014 |
||
| 300 |
_axvi;239p. _ccm. |
||
| 650 | _aPolitical Science | ||
| 700 | _a Kumar Avinash | ||
| 942 |
_hV2y7M91, Q4 _cTEXL _2CC |
||
| 999 |
_c780391 _d780391 |
||